Subnautica Below Zero: All Biomes - Statistics

General Stats
  • This quiz has been taken 44 times
  • The average score is 10 of 22
Answer Stats
Depth/Water Color Biome % Correct
≥0 - 480m Arctic
83%
0 - 8,192m World Edge
77%
20 - 150m Arctic Kelp Forest
66%
320 - 720m Crystal Caves
63%
160 - 480m Deep Purple Vents
63%
0-160m Purple Vents
63%
0 - 40m Shallow Twisty Bridges
63%
50 - 240m Twisty Bridges
63%
250 - 380m Deep Twisty Bridges
46%
630 - 950m Fabricator Caverns
46%
≥0m Arctic Spires
43%
≥0m Delta Island (Δ)
40%
0 - 340m Lilypad Islands
40%
70 - 460m Tree Spires
40%
0 - 280m Thermal Spires
37%
≥0m Glacial Basin
34%
0 - 140m Sparse Arctic
26%
90 - 300m Koppa Mining Site (Ϙ)
23%
320 - 630 Deep Lilypads Cave
17%
≥0 - 70m Glacial Bay
17%
0 - 230m Glacial Connection
17%
40 - 140m Arctic Kelp Caves
14%
No matching quizzes found
Score Distribution
Percent of People with Each Score
Percentile by Number Answered
Your Score History
You have not taken this quiz